000 00942 a2200229 4500
003 Nust
005 20230128135720.0
010 _a 92040412
020 _a0195671724
040 _cNust
082 0 0 _a910,COL
100 1 _aCollingwood, R. G.
_96590
245 1 4 _aThe idea of History /
_cR.G. Collingwood ; edited with an introduction by Jan van der Dussen.
250 _aRev. ed., with lectures 1926-1928.
260 _aOxford [England] :
_bClarendon Press ;
_aNew York :
_bOxford University Press,
_c1993.
300 _aliii, 510 p. ;
_c23 cm.
505 _aIntroduction (Page-1), The Influence of Christianity (Page-46), The Threshold of Scientific History (Page-86), Scientific History (Page-134), Epilegomena (Page-205).
650 0 _aHistory
_xPhilosophy.
_96591
700 1 _aDussen, W. J. van der.
_96592
856 4 2 _3Publisher description
_uhttp://www.loc.gov/catdir/enhancements/fy0638/92040412-d.html
942 _2ddc
_cBK
999 _c186186
_d186186